000 00435pab a2200169 454500
008 180718b1983 xxu||||| |||| 00| 0 eng d
100 _aThavaraj, M.J.K.
245 _aFinancial accountability in government
260 _c1983
300 _ap.548-558.
362 _aJul-Sep
650 _aAccountability
650 _aFinancial administration
773 _aIndian Journal of Public Administration
908 _aN
909 _a39323
999 _c39323
_d39323